| 000 | 01384nam a2200205 4500 | ||
|---|---|---|---|
| 001 | ESSALUD | ||
| 007 | ta | ||
| 008 | t2025 pe ||||| |||| 00| 0 spa d | ||
| 040 | _aBMG | ||
| 041 | _aspa | ||
| 100 |
_aChilin Jaime, Juan Jossimar _eautor _949423 |
||
| 245 | _aEl acto jurídico en el Derecho Civil peruano: análisis estructural, funcional y dogmático | ||
| 300 | _apáginas 27-49 | ||
| 520 | _aEl acto jurídico es el pilar central del Derecho Civil, pues constituye la manifestación de la autonomía de la voluntad y la fuente principal de las relaciones jurídicas. En el ordenamiento peruano, el acto jurídico se regula como una figura con estructura, requisitos, elementos esenciales y no esenciales, así como con una tipología amplia que permite su adaptación a los diversos escenarios sociales y económicos. El presente artículo analiza el acto jurídico desde una perspectiva normativa, doctrinaria y jurisprudencial, abordando también los supuestos de ineficacia y proponiendo una reflexión sobre su función dentro del sistema jurídico civil. | ||
| 650 |
_aLEGISLACIÓN _9209 |
||
| 653 | _aACTO JURÍDICO | ||
| 653 | _aDERECHO CIVIL | ||
| 773 | 0 |
_019945 _922506 _dLima Gaceta Jurídica Editores, 2013- _oGACIV028 _tGaceta civil & procesal civil : información especializada para abogados y jueces _wESSALUD _x2305-3259 |
|
| 942 |
_cARTICULOS _e2026-02-19 _zAFC |
||
| 999 |
_c22215 _d22215 |
||